00742nam a2200205 i 450000100060000000300090000600500170001500700030003200800410003510000320007624500980010825000150020626000540022130000350027570000290031070000290033985200310036899900170039995201200041680722ES-MaACL20230906174300.0t|041029s1946 xxk ||||1| eng d1 aHolmes, Ernest John.96405312aA modern biology / cby Ernest J. Holmes and R. Darnley Gibbs ; foreword by Ralph H. Crowley. a[3rd ed.]. aCambridge : bCambridge University Press, c1946. aXVI, 278 p. : bil. ; c19 cm.1 aDarnley Gibbs, R.9427431 aCrowley, Ralph H.941745 aES-MaACLjC-4877 bR.25593 c80722d80722 00104070aATENEOMbATENEOMcSPALd2008-01-17eSCl0oC-4877p1084396r2023-02-23 00:00:00w2023-02-23yMONOGRAFIA